[Event "Baku Open 2023"]
[Site "Baku AZE"]
[Date "2023.05.06"]
[Round "3.43"]
[White "Ismayil, Malak"]
[Black "Dushyant, Sharma"]
[Result "1/2-1/2"]
[WhiteTitle "WFM"]
[BlackTitle "IM"]
[WhiteElo "2115"]
[BlackElo "2355"]
[WhiteFideId "13412604"]
[BlackFideId "25065130"]
[EventDate "2023.05.04"]

1. e4 c5 2. Nf3 d6 3. Bb5+ Bd7 4. Bxd7+ Qxd7 5. O-O Nf6 6. Re1 Nc6 7. c4 g6 8.
d4 cxd4 9. Nxd4 Nxd4 10. Qxd4 Bg7 11. Nc3 O-O 12. Bg5 Ng4 13. Qd2 Ne5 14. b3 Qg4
15. Qe3 Nf3+ 16. Qxf3 Qxf3 17. gxf3 Bxc3 18. Bxe7 Rfe8 19. Bxd6 Rad8 20. c5 f6
21. Rac1 Bxe1 22. Rxe1 g5 23. b4 a6 24. Re3 Kf7 25. Kf1 Rd7 26. Ke2 Ra8 27. Kd3
a5 28. a3 axb4 29. axb4 Ra2 30. Kc4 Rxf2 31. Rc3 Ke6 32. b5 Rd2 33. h3 h5 34.
Re3 b6 35. e5 bxc5 36. Kxc5 Rc2+ 37. Kb6 Rb2 38. Kc6 Rc2+ 39. Kb6 h4 40. Bb8 Rb2
41. exf6+ Kf7 42. Kc6 Rxb5 43. Kxb5 Rb7+ 44. Kc6 Rxb8 45. Kd5 Kxf6 46. Ke4 Rb4+
47. Kd3 Kf5 48. Re8 Rb3+ 49. Ke2 Rb2+ 50. Ke3 Rh2 51. Rf8+ Kg6 52. Rg8+ Kf6 53.
f4 Rxh3+ 54. Ke4 Rg3 55. Rxg5 Rxg5 1/2-1/2

[Event "Baku Open 2023"]
[Site "Baku AZE"]
[Date "2023.05.06"]
[Round "3.44"]
[White "Allahverdiyeva, Ayan"]
[Black "Guliyev, Namig"]
[Result "0-1"]
[WhiteTitle "WFM"]
[BlackTitle "GM"]
[WhiteElo "2055"]
[BlackElo "2538"]
[WhiteFideId "13412590"]
[BlackFideId "13400363"]
[EventDate "2023.05.04"]

1. e4 c5 2. Nf3 d6 3. d4 cxd4 4. Nxd4 Nf6 5. Nc3 e6 6. g4 h6 7. Rg1 g5 8. h4
Nfd7 9. Be3 Ne5 10. Qe2 a6 11. O-O-O Nbd7 12. hxg5 hxg5 13. f4 gxf4 14. Bxf4 b5
15. g5 Ng6 16. Be3 Bb7 17. Bg2 Rc8 18. Nf5 b4 19. Na4 Bc6 20. Qxa6 exf5 21. exf5
Nge5 22. Rde1 Bxg2 23. Rxg2 Ra8 24. Qb5 Qa5 25. Qf1 Qxa4 26. g6 Qxa2 27. Bf4
Qa1+ 28. Kd2 Qxb2 29. Bxe5 dxe5 0-1

[Event "Baku Open 2023"]
[Site "Baku AZE"]
[Date "2023.05.06"]
[Round "3.45"]
[White "Talibov, Shiroghlan"]
[Black "Fishchuk, Vladyslav"]
[Result "0-1"]
[WhiteTitle "FM"]
[BlackTitle "FM"]
[WhiteElo "2359"]
[BlackElo "2252"]
[WhiteFideId "13429078"]
[BlackFideId "34122117"]
[EventDate "2023.05.04"]

1. e4 c5 2. Nf3 Nc6 3. Bb5 g6 4. O-O Bg7 5. Bxc6 bxc6 6. Re1 Qc7 7. e5 f6 8. d4
cxd4 9. Bf4 fxe5 10. Nxe5 d6 11. Nc4 Kf7 12. c3 Nf6 13. cxd4 Re8 14. Nc3 Kg8 15.
Rc1 Bd7 16. Qd2 a5 17. Bh6 Qb7 18. Bxg7 Kxg7 19. b3 Qb4 20. h3 Ra7 21. Re3 Bf5
22. Rf3 Be6 23. Nb2 Bf7 24. Rf4 Qb7 25. Ne4 Qa6 26. Rh4 h5 27. Re1 Qc8 28. Rf4
Bd5 29. Ng3 Qc7 30. Rh4 Kh7 31. Qg5 a4 32. Re3 Bf7 33. b4 Rb7 34. Ne4 Rb5 35.
Qg3 Nxe4 36. Rhxe4 Rxb4 37. Nd3 Rb1+ 38. Kh2 Rb5 39. Nf4 e5 40. Nd3 exd4 41.
Rxe8 dxe3 42. Rxe3 Rf5 43. Qh4 d5+ 44. Kg1 Qd6 45. Qd4 a3 46. f4 c5 47. Nxc5
Rxf4 48. Ne4 Qe7 49. Qc5 Qe5 50. Nd6 Qf6 51. Re1 Be6 52. Qa7+ Kh6 53. Qe3 d4 54.
Qxa3 Bd5 55. Ne8 Qg5 56. Qb2 Rf7 57. Qc1 Rf4 58. Qb2 Bc6 59. Nd6 Qd5 60. Qd2 g5
61. Nc8 d3 62. Kh2 Re4 63. Rxe4 Qxe4 64. Kg1 Qxg2+ 65. Qxg2 Bxg2 66. Kf2 Bxh3
67. Nd6 h4 68. Ke3 Bg2 69. Kxd3 h3 70. Nf5+ Kg6 0-1

[Event "Baku Open 2023"]
[Site "Baku AZE"]
[Date "2023.05.06"]
[Round "3.46"]
[White "Wagh, Suyog"]
[Black "Orujov, Farid"]
[Result "0-1"]
[WhiteTitle "FM"]
[BlackTitle "FM"]
[WhiteElo "2313"]
[BlackElo "2225"]
[WhiteFideId "25071688"]
[BlackFideId "13423533"]
[EventDate "2023.05.04"]

1. c4 Nf6 2. g3 e6 3. d4 d5 4. Nf3 Be7 5. Bg2 O-O 6. O-O dxc4 7. Qc2 a6 8. a4
Nc6 9. Qxc4 Na5 10. Qc2 b6 11. Nc3 Bb7 12. e4 c5 13. dxc5 bxc5 14. Rd1 Qb6 15.
e5 Nd5 16. Ng5 Bxg5 17. Nxd5 Bxd5 18. Bxd5 exd5 19. Bxg5 Nb3 20. Rab1 d4 21. h4
Rfe8 22. Bf4 Rac8 23. h5 h6 24. Qe4 c4 25. Re1 Qb4 26. Qd5 Re6 27. Qd7 Rce8 28.
Kh2 Qc5 29. Kg1 R6e7 30. Qg4 Re6 31. Qf5 Qc6 32. g4 d3 33. Qe4 Qxa4 34. g5 hxg5
35. Bxg5 Qc6 36. Qf4 d2 37. Re3 Qd5 38. Qg4 Nc1 39. Qd1 Rxe5 40. Bf4 Rxe3 41.
Bxe3 Qd3 42. Ra1 Ne2+ 43. Kg2 c3 44. bxc3 Rxe3 45. fxe3 Nxc3 0-1

[Event "Baku Open 2023"]
[Site "Baku AZE"]
[Date "2023.05.07"]
[Round "4.2"]
[White "Niemann, Hans Moke"]
[Black "Petrov, Nikita"]
[Result "1-0"]
[WhiteTitle "GM"]
[BlackTitle "GM"]
[WhiteElo "2706"]
[BlackElo "2547"]
[WhiteFideId "2093596"]
[BlackFideId "4101286"]
[EventDate "2023.05.04"]

1. e4 e5 2. Nf3 Nc6 3. Bb5 a6 4. Ba4 Nf6 5. O-O Be7 6. Re1 b5 7. Bb3 O-O 8. a4
Bb7 9. d3 d6 10. Bd2 Nb8 11. Na3 c6 12. c4 bxa4 13. Bxa4 Nbd7 14. b4 c5 15. Nc2
cxb4 16. Bxb4 Qc7 17. Ne3 Nc5 18. Nf5 Bc8 19. Nxe7+ Qxe7 20. d4 Nxa4 21. Qxa4
Nh5 22. Qc6 Rd8 23. Qxa8 Bg4 24. Bxd6 Qxd6 25. Qxa6 1-0

[Event "Baku Open 2023"]
[Site "Baku AZE"]
[Date "2023.05.07"]
[Round "4.3"]
[White "Korobov, Anton"]
[Black "Suleymanli, Aydin"]
[Result "1/2-1/2"]
[WhiteTitle "GM"]
[BlackTitle "GM"]
[WhiteElo "2664"]
[BlackElo "2560"]
[WhiteFideId "14105730"]
[BlackFideId "13413937"]
[EventDate "2023.05.04"]

1. e4 e5 2. Nf3 Nc6 3. Bc4 Nf6 4. d3 Bc5 5. O-O d6 6. c3 O-O 7. Nbd2 a5 8. h3 h6
9. Re1 Be6 10. b3 Re8 11. Nf1 d5 12. exd5 Bxd5 13. Be3 Ba3 14. Rb1 e4 15. Nd4
exd3 16. Bxd3 Nxd4 17. Bxd4 Rxe1 18. Qxe1 Bc6 19. Ne3 Bc5 20. Rd1 Bxd4 21. Bc2
Nd5 22. Rxd4 Qg5 23. h4 Qe5 24. Be4 Re8 25. Nc4 Qf6 26. Nxa5 Nxc3 27. Nxc6 Qxc6
28. Rc4 Rxe4 29. Qxc3 Rxc4 30. bxc4 Qe4 31. Qb4 Qxh4 32. Qxb7 Qxc4 33. a4 Qxa4
34. Qc8+ Kh7 35. Qf5+ Kg8 36. Qc8+ Kh7 1/2-1/2

[Event "Baku Open 2023"]
[Site "Baku AZE"]
[Date "2023.05.07"]
[Round "4.4"]
[White "Abasov, Nijat"]
[Black "Samant, Aditya S"]
[Result "1-0"]
[WhiteTitle "GM"]
[BlackTitle "IM"]
[WhiteElo "2634"]
[BlackElo "2496"]
[WhiteFideId "13402960"]
[BlackFideId "35080580"]
[EventDate "2023.05.04"]

1. e4 c5 2. Nf3 d6 3. Bb5+ Nd7 4. c4 a6 5. Ba4 Nf6 6. Nc3 g6 7. O-O Bg7 8. d3
O-O 9. h3 Rb8 10. a3 Nb6 11. Bc2 Nbd7 12. Ba4 Nb6 13. Bc2 Nbd7 14. Rb1 b5 15. b4
Ne8 16. Nd5 Nc7 17. Bg5 Re8 18. Qd2 Ne6 19. Bh4 Bb7 20. bxc5 dxc5 21. Bg3 Ra8
22. cxb5 axb5 23. Rxb5 Bxd5 24. exd5 Nc7 25. Rb7 Nxd5 26. Bb3 N7b6 27. Ng5 Rf8
28. Rb1 c4 29. dxc4 Qc8 30. cxd5 Qxb7 31. d6 exd6 32. Bxf7+ Rxf7 33. Nxf7 Qd5
34. Nh6+ Kh8 35. Qf4 Rf8 36. Qxd6 Bxh6 37. Qxb6 Bg7 38. Qc7 h5 39. Rb7 Qd4 40.
Qe7 Qa1+ 41. Kh2 Qd4 42. Qe6 h4 43. Bd6 Rf5 44. f4 Rd5 45. Rxg7 1-0

[Event "Baku Open 2023"]
[Site "Baku AZE"]
[Date "2023.05.07"]
[Round "4.5"]
[White "Samunenkov, Ihor"]
[Black "Sethuraman, S.P."]
[Result "1/2-1/2"]
[WhiteTitle "IM"]
[BlackTitle "GM"]
[WhiteElo "2501"]
[BlackElo "2639"]
[WhiteFideId "14187086"]
[BlackFideId "5021596"]
[EventDate "2023.05.04"]

1. d4 Nf6 2. c4 e6 3. Nf3 d5 4. g3 dxc4 5. Bg2 Bb4+ 6. Bd2 a5 7. Qc1 b6 8. Bxb4
axb4 9. Qxc4 Qd6 10. O-O Ba6 11. Qc2 O-O 12. Ng5 Ra7 13. Rd1 h6 14. Ne4 Nxe4 15.
Bxe4 Nd7 16. e3 Nf6 17. Bg2 c5 18. a3 Bb5 19. a4 cxd4 20. Rxd4 Qc5 21. Qb3 e5
22. Rd1 Be2 23. Re1 Bg4 24. Nd2 Be6 25. Qd3 Rd7 26. Qe2 Rfd8 27. Nf3 Rd3 28.
Rac1 Qa5 29. Nd4 Rxe3 30. Qxe3 exd4 31. Qf4 d3 32. Red1 Qxa4 33. Bf1 Qb5 34. Rd2
Ng4 35. Re1 g5 36. Qe4 Bf5 37. Qe7 Rd7 38. Qe8+ Kg7 39. Re7 Qd5 40. Re1 Rd8 41.
Qe7 Rd7 42. Qe8 Rd8 43. Qe7 Rd7 1/2-1/2

[Event "Baku Open 2023"]
[Site "Baku AZE"]
[Date "2023.05.07"]
[Round "4.6"]
[White "Indjic, Aleksandar"]
[Black "Gokerkan, Cem Kaan"]
[Result "1/2-1/2"]
[WhiteTitle "GM"]
[BlackTitle "IM"]
[WhiteElo "2618"]
[BlackElo "2489"]
[WhiteFideId "911925"]
[BlackFideId "6336760"]
[EventDate "2023.05.04"]

1. c4 Nf6 2. Nc3 e5 3. Nf3 Nc6 4. e3 Bb4 5. Qc2 Bxc3 6. bxc3 O-O 7. d3 d6 8. e4
Nh5 9. h3 f5 10. exf5 Rxf5 11. Be3 Rf8 12. Ng5 Qe8 13. g4 Nf6 14. Bg2 Nd8 15. d4
Ne6 16. Ne4 Bd7 17. Nxf6+ Rxf6 18. Bxb7 exd4 19. cxd4 Nxd4 20. Qe4 Qxe4 21. Bxe4
Re8 22. Bd5+ Be6 23. Kd2 c5 24. Bxe6+ Rfxe6 25. Rab1 Nc6 26. a3 Re4 27. Kd3 R4e7
28. Rhe1 Re4 29. f3 R4e6 30. f4 Rh6 31. Rh1 Rhe6 32. Bf2 Rf6 33. Be3 Rfe6 34.
Rhe1 Rh6 1/2-1/2

[Event "Baku Open 2023"]
[Site "Baku AZE"]
[Date "2023.05.07"]
[Round "4.7"]
[White "Chanda, Sandipan"]
[Black "Safarli, Eltaj"]
[Result "1/2-1/2"]
[WhiteTitle "GM"]
[BlackTitle "GM"]
[WhiteElo "2460"]
[BlackElo "2601"]
[WhiteFideId "5004225"]
[BlackFideId "13402129"]
[EventDate "2023.05.04"]

1. d4 Nf6 2. c4 e6 3. Nc3 d5 4. cxd5 exd5 5. Bg5 Bb4 6. e3 h6 7. Bxf6 Qxf6 8.
Qb3 Qd6 9. a3 Bxc3+ 10. Qxc3 Bf5 11. Ne2 O-O 12. Ng3 Bg6 13. Be2 Nd7 14. O-O c6
15. b4 a6 16. a4 f5 17. b5 axb5 18. axb5 Rxa1 19. Rxa1 f4 20. exf4 Qxf4 21. bxc6
bxc6 22. Bf3 Be4 23. Nxe4 dxe4 24. Qxc6 exf3 25. Qxd7 fxg2 26. Qe6+ Kh8 27. Qe3
Qf5 28. Re1 Rf6 29. Qe8+ Rf8 30. Qe2 h5 31. Qd2 Rd8 32. Qb4 Rf8 33. Re2 Qf3 34.
Qe1 Qg4 35. d5 Rf6 36. Re6 Rf5 37. Re4 Qf3 38. d6 Qd3 39. Rh4 Qf1+ 40. Qxf1
gxf1=Q+ 41. Kxf1 Rd5 1/2-1/2

[Event "Baku Open 2023"]
[Site "Baku AZE"]
[Date "2023.05.07"]
[Round "4.8"]
[White "Mendonca, Leon Luke"]
[Black "Sadikhov, Ulvi"]
[Result "1-0"]
[WhiteTitle "GM"]
[BlackTitle "GM"]
[WhiteElo "2596"]
[BlackElo "2489"]
[WhiteFideId "35028561"]
[BlackFideId "13401416"]
[EventDate "2023.05.04"]

1. d4 Nf6 2. c4 g6 3. Nc3 Bg7 4. e4 d6 5. Be2 O-O 6. Nf3 e5 7. O-O Na6 8. Be3
Qe7 9. d5 Ng4 10. Bg5 f6 11. Bh4 h5 12. Nd2 Nh6 13. f3 Nf7 14. Rb1 c5 15. dxc6
bxc6 16. b4 Nc7 17. Nb3 Bh6 18. Bf2 f5 19. Na5 Bd7 20. b5 c5 21. Nd5 Nxd5 22.
cxd5 fxe4 23. fxe4 Ng5 24. Nc6 Qh7 25. Qd3 Rf4 26. Be3 c4 27. Qa3 Rxe4 28. b6
Rxe3 29. b7 Re8 30. Qxe3 1-0

[Event "Baku Open 2023"]
[Site "Baku AZE"]
[Date "2023.05.07"]
[Round "4.9"]
[White "Sanikidze, Tornike"]
[Black "Harsha, Bharathakoti"]
[Result "1-0"]
[WhiteTitle "GM"]
[BlackTitle "GM"]
[WhiteElo "2475"]
[BlackElo "2608"]
[WhiteFideId "13602608"]
[BlackFideId "5078776"]
[EventDate "2023.05.04"]

1. d4 Nf6 2. c4 e6 3. Nf3 d5 4. e3 a6 5. Nbd2 b6 6. g3 Bb7 7. Bg2 Bd6 8. O-O O-O
9. e4 Nxe4 10. Nxe4 dxe4 11. Ng5 Be7 12. Nxe4 f5 13. Nc3 Bxg2 14. Kxg2 Bf6 15.
Qf3 Ra7 16. d5 Bxc3 17. bxc3 e5 18. Ba3 Rf7 19. c5 Nd7 20. cxb6 cxb6 21. c4 Rc7
22. Qb3 h6 23. Rac1 Rc8 24. Rfd1 Qg5 25. d6 f4 26. c5 bxc5 27. Qb7 Rcf8 28. Qd5
Kh8 29. Bxc5 Qh5 30. Kg1 f3 31. Qe6 Rf5 32. h4 R8f7 33. Be3 R5f6 34. Qe8+ Kh7
35. Rc4 Qg6 36. Rc8 Qg4 37. Qg8+ Kg6 38. Kh2 Rf5 39. Rc7 Rh5 40. Rg1 Rf8 41. Qc4
e4 42. Qxa6 Kh7 43. Qf1 Ne5 44. Qh3 Rd8 45. Bc5 e3 46. Bxe3 Rxd6 47. Rc5 Rf5 48.
Rxe5 Qxh3+ 49. Kxh3 Rxe5 50. Bf4 Rdd5 51. Bxe5 Rxe5 52. Ra1 Re2 53. Kg4 Rxf2 54.
a4 Re2 55. Kxf3 Re8 56. a5 Kg6 57. a6 Kf5 58. g4+ Kf6 59. a7 Ra8 60. Ke4 1-0

[Event "Baku Open 2023"]
[Site "Baku AZE"]
[Date "2023.05.07"]
[Round "4.10"]
[White "Asadli, Vugar"]
[Black "Nogerbek, Kazybek"]
[Result "1/2-1/2"]
[WhiteTitle "GM"]
[BlackTitle "IM"]
[WhiteElo "2584"]
[BlackElo "2474"]
[WhiteFideId "13405764"]
[BlackFideId "13710427"]
[EventDate "2023.05.04"]

1. e4 e5 2. Nf3 Nc6 3. Bb5 a6 4. Ba4 Nf6 5. O-O Be7 6. d3 b5 7. Bb3 O-O 8. a4
Rb8 9. axb5 axb5 10. Nc3 d6 11. Nd5 Nxd5 12. Bxd5 Qe8 13. c3 Bf6 14. h3 h6 15.
Nh2 Ne7 16. Bb3 Ng6 17. Qh5 Be6 18. Bc2 b4 19. Ng4 Bxg4 20. Qxg4 bxc3 21. bxc3
Qc6 22. Ra3 Qc5 23. Rb3 Rxb3 24. Bxb3 Qxc3 25. Bc4 Nf4 26. Bxf4 exf4 27. Qxf4
Qd4 28. Rb1 c6 29. Qe3 1/2-1/2

[Event "Baku Open 2023"]
[Site "Baku AZE"]
[Date "2023.05.07"]
[Round "4.11"]
[White "Iskandarov, Misratdin"]
[Black "Prraneeth, Vuppala"]
[Result "1/2-1/2"]
[WhiteTitle "GM"]
[BlackTitle "IM"]
[WhiteElo "2592"]
[BlackElo "2437"]
[WhiteFideId "13400312"]
[BlackFideId "46622373"]
[EventDate "2023.05.04"]

1. d4 Nf6 2. c4 e6 3. Nf3 d5 4. g3 dxc4 5. Bg2 c5 6. O-O Nc6 7. Qa4 Bd7 8. dxc5
Bxc5 9. Qxc4 Be7 10. Rd1 Rc8 11. Nc3 O-O 12. Bg5 h6 13. Bxf6 Bxf6 14. Qd3 Qb6
15. Ne4 Be7 16. Qb3 Qxb3 17. axb3 Rfd8 18. Nd6 Bxd6 19. Rxd6 Be8 20. Rd2 a6 21.
Rc2 Nb4 22. Rc3 Kf8 23. Nd4 Rxc3 24. bxc3 Nd5 25. Bxd5 Rxd5 26. b4 Rd8 27. f4
Rc8 28. Ra3 Ke7 29. Kf2 f6 30. e4 g5 31. Ke3 gxf4+ 32. gxf4 Bd7 33. Nf3 Bc6 34.
Nd4 Bd7 35. Nf3 Bc6 36. Nd4 1/2-1/2

[Event "Baku Open 2023"]
[Site "Baku AZE"]
[Date "2023.05.07"]
[Round "4.12"]
[White "Nigmatov, Ortik"]
[Black "Mamedov, Rauf"]
[Result "0-1"]
[WhiteTitle "IM"]
[BlackTitle "GM"]
[WhiteElo "2473"]
[BlackElo "2646"]
[WhiteFideId "14202131"]
[BlackFideId "13401653"]
[EventDate "2023.05.04"]

1. e4 c5 2. Nf3 Nc6 3. d4 cxd4 4. Nxd4 Nf6 5. Nc3 e5 6. Ndb5 d6 7. Bg5 a6 8. Na3
b5 9. Nd5 Be7 10. Bxf6 Bxf6 11. c3 Ne7 12. Nxf6+ gxf6 13. Nc2 Bb7 14. Bd3 d5 15.
Qe2 f5 16. exf5 e4 17. f6 Nf5 18. f3 Qxf6 19. O-O Qb6+ 20. Kh1 Qh6 21. Kg1 Nd6
22. Nd4 O-O-O 23. Bc2 Rhg8 24. a4 b4 25. f4 Qg7 26. a5 Kb8 27. Bb3 Rc8 28. Rfd1
bxc3 29. Rab1 c2 30. Nxc2 Rc5 31. Nd4 Nb5 32. Nf5 Qf6 33. Qe3 Rgc8 34. Nd4 Nxd4
35. Rxd4 Rc1+ 36. Rxc1 Rxc1+ 37. Bd1 Ra1 38. Qd2 Rxa5 39. h3 Qb6 40. Kh2 Rc5 41.
Ba4 Qc7 42. Bb3 Rb5 43. Ba4 Rb6 44. b4 Rf6 45. g3 Re6 46. Qe3 f5 47. Kg2 Rg6 48.
Kh2 Qb6 49. Bd7 Rf6 50. Ba4 Ka7 51. Bb3 Rc6 52. g4 Kb8 53. Qd2 fxg4 54. hxg4 Qc7
55. Rxd5 Rh6+ 56. Rh5 Rd6 57. Qb2 Rd3 58. Re5 Qd8 59. Kg1 Qb6+ 60. Kg2 Qxb4 0-1

[Event "Baku Open 2023"]
[Site "Baku AZE"]
[Date "2023.05.07"]
[Round "4.13"]
[White "Kovalev, Vladislav"]
[Black "Lortkipanidze, Nodar"]
[Result "1-0"]
[WhiteTitle "GM"]
[BlackTitle "IM"]
[WhiteElo "2612"]
[BlackElo "2406"]
[WhiteFideId "13504398"]
[BlackFideId "13604058"]
[EventDate "2023.05.04"]

1. e4 e5 2. Nf3 Nc6 3. Bb5 a6 4. Ba4 Nf6 5. O-O Be7 6. d3 b5 7. Bb3 d6 8. a4 Bd7
9. Be3 Na5 10. Ba2 c5 11. axb5 axb5 12. Nc3 O-O 13. Nd5 Nc6 14. c3 b4 15. h3 Be6
16. Nxf6+ Bxf6 17. Bxe6 fxe6 18. Rxa8 Qxa8 19. Qb3 Kf7 20. Ng5+ Bxg5 21. Bxg5 h6
22. Be3 Qa6 23. f4 Ke7 24. f5 exf5 25. exf5 Qxd3 26. Bxc5 Rf6 27. Qg8 dxc5 28.
Qxg7+ Rf7 29. f6+ Ke6 30. Qg4+ Kd6 31. Rd1 e4 32. Rxd3+ exd3 33. Qf5 c4 34. Kf2
bxc3 35. bxc3 Ne5 36. Ke3 Rd7 37. g4 Nf7 38. h4 Kc6 39. Qe4+ Rd5 40. Qe8+ Rd7
41. Qe4+ Rd5 42. Kd2 Nd6 43. Qf3 Nf7 44. Qf4 Rc5 45. Qe4+ Rd5 46. Qe6+ 1-0

[Event "Baku Open 2023"]
[Site "Baku AZE"]
[Date "2023.05.07"]
[Round "4.14"]
[White "Salimova, Nurgyul"]
[Black "Bernadskiy, Vitaliy"]
[Result "1/2-1/2"]
[WhiteTitle "IM"]
[BlackTitle "GM"]
[WhiteElo "2391"]
[BlackElo "2619"]
[WhiteFideId "2915138"]
[BlackFideId "14100371"]
[EventDate "2023.05.04"]

1. d4 a6 2. Nf3 d5 3. Bf4 e6 4. e3 Bd6 5. Nbd2 Ne7 6. Bd3 Bxf4 7. exf4 c5 8.
dxc5 Qc7 9. g3 Qxc5 10. O-O Bd7 11. Ne5 Nec6 12. Ndf3 Nxe5 13. Nxe5 Nc6 14. Nxd7
Kxd7 15. Re1 g6 16. c4 Ke7 17. cxd5 Qxd5 18. Be4 Qxd1 19. Raxd1 Rhd8 20. Kg2
Rxd1 21. Rxd1 Rd8 22. Rc1 Nb4 23. a3 Nd5 24. Kf3 Kd7 25. Bxd5 exd5 26. Ke3 Re8+
27. Kd3 Re6 28. Rc5 Kd6 29. Rc1 Re8 30. Rd1 Rc8 31. Re1 a5 32. a4 Rc4 33. b3 Rb4
34. Kc3 b5 35. axb5 d4+ 36. Kc2 Rxb5 37. Re8 Rc5+ 38. Kd3 Rc3+ 39. Kxd4 Rxb3 40.
Ra8 Rb4+ 41. Kc3 Ra4 42. Ra7 Ke6 43. Ra6+ Kf5 44. Ra7 Kf6 45. Ra6+ Kg7 46. Kd3
h5 47. h4 Ra1 48. Ke4 Ra2 49. Ke3 a4 50. f5 gxf5 51. f3 f6 52. Kf4 Kg6 53. Ra8
a3 54. Ra7 Ra1 55. Ra8 a2 56. Ra7 Kh6 57. Ra8 Kg7 58. Ra7+ Kg6 59. Ra8 Kg7 1/2-1/2

[Event "Baku Open 2023"]
[Site "Baku AZE"]
[Date "2023.05.07"]
[Round "4.15"]
[White "Ilamparthi, A R"]
[Black "Romanov, Evgeny"]
[Result "1-0"]
[WhiteTitle "IM"]
[BlackTitle "GM"]
[WhiteElo "2408"]
[BlackElo "2578"]
[WhiteFideId "45015775"]
[BlackFideId "4148843"]
[EventDate "2023.05.04"]

1. e4 e5 2. Nf3 Nc6 3. Bb5 a6 4. Ba4 d6 5. c3 Bd7 6. O-O g6 7. d4 Bg7 8. Re1 Nf6
9. dxe5 Nxe5 10. Nxe5 dxe5 11. Bc2 O-O 12. Be3 Qe7 13. h3 a5 14. a4 Bc6 15. Nd2
Nd7 16. Nc4 b6 17. Bd2 Nc5 18. b4 Ne6 19. Ne3 Nf4 20. bxa5 bxa5 21. c4 Qg5 22.
Qg4 Bh6 23. Bc3 f6 24. g3 Qxg4 25. Nxg4 Nxh3+ 26. Kg2 Bg7 27. Kxh3 Bd7 28. Red1
Be6 29. Rd5 h5 30. Rxa5 hxg4+ 31. Kg2 Rxa5 32. Bxa5 Bxc4 33. Bxc7 Rc8 34. Bb6 f5
35. a5 Kf7 36. a6 Be2 37. Bd1 Bd3 38. f3 fxe4 39. fxg4 e3 40. Bxe3 Be4+ 41. Kf2
Rh8 42. Ra4 Rh2+ 43. Ke1 Ba8 44. Rc4 Bf8 45. Bb3 Rb2 46. Rc7+ Ke8 47. Rc8+ Kd7
48. Rxa8 Bb4+ 49. Kf1 Rxb3 50. a7 Rxe3 51. Rd8+ 1-0

[Event "Baku Open 2023"]
[Site "Baku AZE"]
[Date "2023.05.07"]
[Round "4.16"]
[White "Atakishiyev, Elmar"]
[Black "Muradli, Mahammad"]
[Result "0-1"]
[WhiteTitle "FM"]
[BlackTitle "GM"]
[WhiteElo "2363"]
[BlackElo "2531"]
[WhiteFideId "13410547"]
[BlackFideId "13409301"]
[EventDate "2023.05.04"]

1. d4 Nf6 2. c4 g6 3. g3 c5 4. Nf3 Bg7 5. Bg2 Qa5+ 6. Nc3 Ne4 7. Qd3 cxd4 8.
Nxd4 Nc5 9. Qd1 Nc6 10. Be3 Ne6 11. Nxe6 dxe6 12. Rc1 O-O 13. O-O Rd8 14. Qb3
Bd7 15. Rfd1 Be8 16. a3 Rac8 17. Rxd8 Rxd8 18. h3 Qc7 19. Qc2 a6 20. Qb3 Qb8 21.
Bb6 Rc8 22. e3 Ne5 23. Bd4 Nxc4 24. Bxg7 Kxg7 25. Qxb7 Nxb2 26. Qxa6 Rc7 27. Ne2
Rxc1+ 28. Nxc1 Qc7 29. Nd3 Qc4 30. Qxc4 Nxc4 31. Nb4 Nxa3 32. Bc6 Kf8 33. Bxe8
Kxe8 34. g4 Kd7 35. Kg2 Kd6 36. Kg3 f6 37. Nd3 Nc4 38. h4 e5 39. Kg2 Kd5 40.
Nb4+ Ke6 41. Nd3 h6 42. Kg3 Nd6 43. Nc1 Kd5 44. Kf3 Kc4 45. Ne2 e6 46. Ng3 Kd3
47. Nf1 Ne4 48. Kg2 Ke2 49. f4 exf4 50. exf4 h5 51. Nh2 Nd2 52. Kg3 Ke3 0-1

[Event "Baku Open 2023"]
[Site "Baku AZE"]
[Date "2023.05.07"]
[Round "4.17"]
[White "Aditya, Mittal"]
[Black "Moksh, Amit Doshi"]
[Result "1-0"]
[WhiteTitle "GM"]
[BlackTitle "IM"]
[WhiteElo "2505"]
[BlackElo "2397"]
[WhiteFideId "35042025"]
[BlackFideId "25064967"]
[EventDate "2023.05.04"]

1. e4 e5 2. Nf3 Nc6 3. Bb5 a6 4. Ba4 Nf6 5. O-O Be7 6. Bxc6 dxc6 7. d3 Nd7 8.
Be3 O-O 9. Nbd2 Re8 10. a4 Bf8 11. Kh1 f6 12. Ng1 a5 13. Ne2 Nc5 14. f4 exf4 15.
Nxf4 f5 16. Qh5 Nd7 17. Bd4 c5 18. Bc3 Ra6 19. exf5 Rh6 20. Qf3 Ne5 21. Qd5+
Qxd5 22. Nxd5 Bd6 23. Rae1 Kf8 24. h3 Bd7 25. b3 b6 26. Ne4 Bc6 27. Nf4 Kg8 28.
Ne6 Bd7 29. Bxe5 Bxe5 30. N4xc5 bxc5 31. Rxe5 Bxe6 32. Rfe1 1-0

[Event "Baku Open 2023"]
[Site "Baku AZE"]
[Date "2023.05.07"]
[Round "4.18"]
[White "Gadimbayli, Abdulla"]
[Black "Balajayeva, Khanim"]
[Result "1/2-1/2"]
[WhiteTitle "GM"]
[BlackTitle "WGM"]
[WhiteElo "2500"]
[BlackElo "2327"]
[WhiteFideId "13404938"]
[BlackFideId "13406396"]
[EventDate "2023.05.04"]

1. e4 e5 2. Nf3 Nc6 3. Bb5 a6 4. Ba4 Nf6 5. Nc3 b5 6. Bb3 Bc5 7. Nd5 d6 8. c3 h6
9. O-O O-O 10. d4 Ba7 11. Nxf6+ Qxf6 12. Bd5 Bb7 13. Be3 Qe7 14. a4 exd4 15.
cxd4 Nd8 16. Bxb7 Nxb7 17. axb5 axb5 18. Qd3 c5 19. Qxb5 cxd4 20. Nxd4 Bxd4 21.
Bxd4 Rxa1 22. Rxa1 Qxe4 23. Bc3 Nc5 24. h3 Nd3 25. Qa4 Qxa4 26. Rxa4 Rb8 27. Ra1
Rb3 28. Ra8+ Kh7 29. Ra3 Rb7 30. Ra1 Rb3 31. Ra3 Rb7 32. Bxg7 Kxg7 33. Rxd3 Rxb2
34. Rxd6 Rb1+ 35. Kh2 Rb2 36. Kg3 Rb3+ 37. Kf4 Rb2 38. Ke3 Ra2 39. Rd5 Ra3+ 40.
Rd3 Ra2 41. Kf3 Rb2 42. Kg3 Ra2 43. Rf3 Kg6 44. Rf4 Ra3+ 45. Kh4 Ra5 46. Rg4+
Kh7 47. Rb4 Kg7 48. Rb3 Ra4+ 49. g4 Rc4 50. Rb5 Rc3 51. Rf5 Kg6 52. f3 Rb3 53.
Kg3 Ra3 54. Rb5 Ra4 55. Rb6+ Kg7 56. Rc6 Rb4 57. Rc5 Ra4 58. Rc3 Rb4 59. f4 Rb5
60. Kh4 Ra5 61. f5 Rb5 62. Ra3 Rc5 63. Kh5 Rc6 64. Ra7 Rb6 65. h4 Rc6 66. g5
hxg5 67. hxg5 Kg8 68. Ra8+ Kh7 69. Ra7 Kg8 70. f6 Rc1 71. Ra8+ Kh7 72. Rf8 Rh1+
73. Kg4 Rg1+ 74. Kf4 Rxg5 75. Rxf7+ Kg8 76. Rg7+ Rxg7 77. fxg7 Kxg7 78. Ke4 1/2-1/2